Statistics for Flags of the Modern British Empire

Click here to take the quiz!

General Stats

  • This quiz has been taken 45 times
  • The average score is 12 of 24

Answer Stats

Answer% Correct
Scotland
100%
England
100%
Wales
97%
Northern Ireland
88%
Isle of Man
88%
Gibraltar
79%
Jersey
71%
Guernsey
68%
Falkland Islands
62%
Bermuda
56%
Shetland
50%
Anguilla
47%
British Indian Ocean Territory
41%
Turks and Caicos Islands
41%
Orkney
38%
Montserrat
32%
British Antarctic Territory
32%
Cayman Islands
26%
Pitcairn Islands
26%
British Virgin Islands
26%
Saint Helena
26%
Tristan da Cunha
18%
Ascension Island
12%
South Georgia and the South Sandwich Islands
9%

Score Distribution

Percentile by Number Answered

Percent of People with Each Score

Your Score History

You have not taken this quiz